Equipes gagnantes saison 2023/2024 - Statistiques

Statistiques générales
  • Ce quiz a été pris 130 fois
    31 depuis la dernière actualisation
  • Le résultat moyen est 56 sur 99
Statistiques - réponses
Hint Réponse % Correct
G Gianluigi Donnarumma
100%
DEF Achraf Hakimi
96%
MIL Vitinha
92%
ATT Kylian Mbappé
88%
Kylian Mbappé
88%
ATT Ousmane Dembélé
88%
G Thibaut Courtois
88%
Thibaut Courtois
88%
DEF Ferland Mendy
83%
DEF Ferland Mendy
83%
Ferland Mendy
83%
ATT Vinicius Júnior
83%
ATT Vinicius Júnior
83%
Vinícius Júnior
83%
DEF Antonio Rüdiger
79%
DEF Antonio Rüdiger
79%
Antonio Rüdiger
79%
DEF Dani Carvajal
79%
DEF Dani Carvajal
79%
Dani Carvajal
79%
G Ederson
79%
MIL Éderson
79%
MIL Eduardo Camavinga
79%
MIL Eduardo Camavinga
79%
ATT Erling Haaland
79%
Federico Valverde
79%
MIL Frederico Valverde
79%
MIL Frederico Valverde
79%
ATT Rodrygo
79%
ATT Rodrygo
79%
Rodrygo
79%
MIL Aurélien Tchouaméni
75%
Aurélien Tchouaméni
75%
DEF Lucas Hernández
75%
ATT Marcus Thuram
75%
DEF Rúben Dias
75%
Éder Militão
71%
MIL Jude Bellingham
71%
MIL Jude Bellingham
71%
Jude Bellingham
71%
ATT Lautaro Martínez
71%
ATT Phil Foden
71%
MIL Toni Kroos
71%
G Yann Sommer
71%
G Andriy Lunin
67%
MIL Bernardo Silva
67%
DEF Kyle Walker
67%
MIL Warren Zaïre-Emery
67%
MIL Florian Wirtz
63%
DEF Francesco Acerbi
63%
DEF Frederico Dimarco
63%
DEF Alejandro Grimaldo
58%
DEF Jonathan Tah
58%
DEF Nacho Fernández
58%
DEF Nacho Fernández
58%
DEF Nathan Aké
58%
MIL Nicolò Barella
58%
MIL Rodri
58%
ATT Ademola Lookman
54%
DEF Alessandro Bastoni
54%
DEF Danilo Pereira
54%
MIL Hakan Çalhanoğlu
54%
DEF Joško Gvardiol
54%
DEF Benjamin Pavard
50%
DEF Jeremie Frimpong
50%
DEF/MIL Manuel Akanji
50%
MIL Granit Xhaka
46%
DEF Milan Škriniar
46%
ATT Victor Boniface
46%
DEF Edmond Tapsoba
42%
MIL Kang-in Lee
42%
ATT Charles De Ketelaere
38%
MIL Exequiel Palacios
38%
MIL Henrikh Mkhitaryan
38%
ATT Julián Álvarez
38%
G Lukáš Hrádecký
38%
MIL Manuel Ugarte
33%
DEF Matteo Darmian
29%
DEF Sead Kolasinac
29%
DEF Davide Zappacosta
25%
ATT Gianluca Scamacca
25%
MIL Jonas Hofmann
25%
G Juan Musso
25%
DEF Odilon Kossounou
25%
MIL Teun Koopmeiners
25%
ATT Ayoub El Kaabi
21%
DEF Isak Hien
21%
DEF Matteo Ruggeri
21%
DEF Berat Djimsiti
17%
ATT Daniel Podence
17%
DEF Panagiotis Retsos
8%
MIL Santiago Hezze
8%
MIL Chiquinho
4%
DEF David Carmo
4%
DEF Francisco Ortega
4%
ATT Konstantinos Fortounis
4%
G Konstantinos Tzolakis
4%
DEF Rodinei
4%
MIL Vicente Iborra
4%
Aucun quiz correspondant
Distribution des résultats
% des personnes avec chaque résultat
Percentile par nombre de réponses
Votre historique - résultats
Vous n’avez pas pris ce quiz depuis la dernière actualisation